[Event "FRA-ch op-B"]
[Site "Caen"]
[Date "2011.08.19"]
[Round "4"]
[White "Froment, Theophile"]
[Black "Velasquez, Jean Luc"]
[Result "1-0"]
[WhiteElo "1859"]
[BlackElo "1905"]
[PlyCount "89"]
[EventDate "2011.08.16"]
[EventType "swiss"]
[EventRounds "11"]
[EventCountry "FRA"]
[SourceTitle "EXT 2012"]
[Source "ChessBase"]
[SourceDate "2011.11.24"]
[SourceVersion "1"]
[SourceVersionDate "2011.11.24"]
[SourceQuality "1"]

1. e4 d5 2. exd5 Nf6 3. d4 Bg4 4. Be2 Bxe2 5. Qxe2 Qxd5 6. Nf3 e6 7. a3 Bd6 8. Nc3 Qh5 9. Bg5 0-0 10. Bxf6 gxf6 11. Ne4 Nd7 12. 0-0-0 Kh8 13. h3 f5 14. g4 Qg6 15. Nc3 Rg8 16. Rdg1 a6 17. g5 Qg7 18. h4 Qf8 19. h5 b5 20. g6 Bf4+ 21. Kb1 h6 22. Rh4 Bg5 23. Nxg5 hxg5 24. Rxg5 Re8 25. Rh1 f6 26. Rgg1 Qh6 27. Qf3 Nb6 28. Qc6 Re7 29. d5 Nc4 30. Qxa6 Nd2+ 31. Ka2 b4 32. Nb1 Nf3 33. Rg2 bxa3 34. Nxa3 Qf4 35. dxe6 Qe4 36. Qc4 Qb7 37. Qc5 Rb8 38. b3 Rxe6 39. Qxf5 Nd4 40. g7+ Kg8 41. Qh3 Ra6 42. h6 Rxa3+ 43. Kxa3 Qa6+ 44. Kb2 Rxb3+ 45. Qxb3+ 1-0

[Event "Creon op 13th"]
[Site "Creon"]
[Date "2008.07.31"]
[Round "6"]
[White "Velasquez, Jean Luc"]
[Black "Passager, Jean Pierre"]
[Result "0-1"]
[WhiteElo "1936"]
[BlackElo "2235"]
[PlyCount "58"]
[EventDate "2008.07.28"]
[EventType "swiss"]
[EventRounds "9"]
[EventCountry "FRA"]
[SourceTitle "CBM 125 Extra"]
[Source "ChessBase"]
[SourceDate "2008.09.01"]
[SourceVersion "1"]
[SourceVersionDate "2008.09.01"]
[SourceQuality "1"]

1. d4 d5 2. Nf3 Nf6 3. c4 e6 4. g3 dxc4 5. Qc2 b5 6. a4 c6 7. Bg2 Bb7 8. 0-0 Nbd7 9. Rd1 Be7 10. Ne5 Nd5 11. e4 Nb4 12. Qe2 Nxe5 13. dxe5 Qc7 14. axb5 cxb5 15. Bd2 Nd3 16. Ba5 Qc5 17. b3 Nxe5 18. bxc4 Nxc4 19. Bc3 e5 20. Bh3 0-0 21. Rd7 Bc6 22. Rd1 a5 23. Rc1 a4 24. Be1 Bg5 25. Bd2 Qd4 26. Bxg5 Qxa1 27. Qg4 f5 28. exf5 Qd4 29. Qh5 Qe4 0-1

[Event "Creon op 13th"]
[Site "Creon"]
[Date "2008.07.28"]
[Round "1"]
[White "Velasquez, Jean Luc"]
[Black "Lejarre, Ludovic"]
[Result "0-1"]
[WhiteElo "1936"]
[BlackElo "2409"]
[PlyCount "64"]
[EventDate "2008.07.28"]
[EventType "swiss"]
[EventRounds "9"]
[EventCountry "FRA"]
[SourceTitle "CBM 125 Extra"]
[Source "ChessBase"]
[SourceDate "2008.09.01"]
[SourceVersion "1"]
[SourceVersionDate "2008.09.01"]
[SourceQuality "1"]

1. c4 g6 2. d4 Bg7 3. Nc3 Nf6 4. e4 d6 5. f4 0-0 6. Nf3 c5 7. d5 e6 8. Be2 exd5 9. cxd5 Bg4 10. 0-0 Nbd7 11. h3 Bxf3 12. Bxf3 Re8 13. g4 h6 14. h4 h5 15. g5 Nh7 16. Be3 b5 17. Qe2 a6 18. Qf2 Nb6 19. Kg2 Nc4 20. Rae1 Nxe3+ 21. Qxe3 Bd4 22. Qd2 Qa5 23. Rd1 Nf8 24. Qc2 Nd7 25. Ne2 Bg7 26. a3 b4 27. axb4 Qxb4 28. Rb1 Rab8 29. Nc3 Nb6 30. Na2 Qc4 31. Rfc1 Qxa2 32. e5 Qa4 0-1

[Event "Le Touquet op 19th"]
[Site "Le Touquet"]
[Date "2004.10.25"]
[Round "1"]
[White "Velasquez, Jean Luc"]
[Black "Balcerak, Philipp"]
[Result "0-1"]
[WhiteElo "2021"]
[BlackElo "2224"]
[PlyCount "48"]
[EventDate "2004.10.25"]
[EventType "swiss"]
[EventRounds "9"]
[EventCountry "FRA"]
[SourceTitle "EXT 2005"]
[Source "ChessBase"]
[SourceDate "2004.11.15"]
[SourceVersion "1"]
[SourceVersionDate "2004.11.15"]
[SourceQuality "1"]

1. c4 Nf6 2. Nc3 g6 3. e4 d6 4. d4 Bg7 5. Nf3 0-0 6. Be3 Na6 7. h3 e5 8. d5 b6 9. Be2 Nc5 10. Nd2 a5 11. 0-0 Nfd7 12. Nb3 f5 13. Nxc5 bxc5 14. Bd2 Nf6 15. Bg5 h6 16. Bxf6 Qxf6 17. a3 Qg5 18. Kh1 Qh4 19. Bf3 fxe4 20. Bxe4 Bxh3 21. gxh3 Qxh3+ 22. Kg1 Rf4 23. Ne2 Rxe4 24. Qc2 Rh4 0-1

[Event "Rochefort op 3rd"]
[Site "Rochefort"]
[Date "2004.02.21"]
[Round "1"]
[White "Duc, Marie Christine"]
[Black "Velasquez, Jean Luc"]
[Result "1/2-1/2"]
[WhiteElo "1499"]
[BlackElo "2022"]
[PlyCount "82"]
[EventDate "2004.02.21"]
[EventType "swiss"]
[EventRounds "7"]
[EventCountry "FRA"]
[SourceTitle "EXT 2005"]
[Source "ChessBase"]
[SourceDate "2004.11.15"]
[SourceVersion "1"]
[SourceVersionDate "2004.11.15"]
[SourceQuality "1"]

1. d4 d5 2. c4 c6 3. Nc3 Nf6 4. Nf3 e6 5. Bg5 Nbd7 6. e4 dxe4 7. Nxe4 Bb4+ 8. Nc3 Qa5 9. Bd2 Qc7 10. Bd3 0-0 11. 0-0 Re8 12. Qc2 Bd6 13. h3 Bf4 14. Bxf4 Qxf4 15. Ne2 Qc7 16. Rfe1 c5 17. d5 exd5 18. cxd5 b6 19. Nc3 Ne5 20. Nxe5 Rxe5 21. Bc4 Qe7 22. Rxe5 Qxe5 23. Qd2 Bd7 24. Re1 Qd6 25. b3 Re8 26. Rxe8+ Bxe8 27. a4 Kf8 28. Qe2 Bd7 29. Ne4 Nxe4 30. Qxe4 g6 31. Qh4 Kg7 32. Qd8 h5 33. Bb5 Qxd5 34. Qxd7 Qxb3 35. Qxa7 Qd1+ 36. Kh2 Qd6+ 37. g3 h4 38. Kg2 Qd5+ 39. Kg1 hxg3 40. fxg3 Qd4+ 41. Kg2 Qe4+ 1/2-1/2

[Event "Saint Quentin op 5th"]
[Site "Saint Quentin"]
[Date "2002.??.??"]
[Round "9"]
[White "Le Pape, Valery"]
[Black "Velasquez, Jean Luc"]
[Result "1/2-1/2"]
[WhiteElo "1980"]
[BlackElo "2055"]
[PlyCount "114"]
[EventDate "2002.04.21"]
[EventType "swiss"]
[EventRounds "9"]
[EventCountry "FRA"]
[SourceTitle "CBM 088 Extra"]
[Source "ChessBase"]
[SourceDate "2002.07.01"]
[SourceVersion "2"]
[SourceVersionDate "2002.07.01"]
[SourceQuality "1"]

1. e4 c5 2. d3 Nc6 3. f4 g6 4. Nf3 Bg7 5. g3 e6 6. Bg2 Nge7 7. 0-0 0-0 8. c3 d6 9. Be3 b6 10. Na3 Ba6 11. Re1 Rc8 12. Nc2 d5 13. Bf2 dxe4 14. dxe4 Rc7 15. Ne3 Rd7 16. Qa4 Qc8 17. Rad1 Rfd8 18. Rxd7 Rxd7 19. Rd1 Be2 20. Rxd7 Qxd7 21. e5 Nxe5 22. Qxd7 Nxd7 23. Ng4 h5 24. Nge5 Nxe5 25. Nxe5 Bxe5 26. fxe5 Bc4 27. a4 Bd5 28. a5 Nc6 29. b4 cxb4 30. cxb4 Nxb4 31. axb6 axb6 32. Bxb6 Bxg2 33. Kxg2 Nc6 34. Bc7 Kg7 35. Kf3 f6 36. exf6+ Kxf6 37. h3 Kf5 38. g4+ hxg4+ 39. hxg4+ Kf6 40. Bf4 Ne5+ 41. Kg3 Nc4 42. Bc7 Ne3 43. Kf3 Nd5 44. Bd6 g5 45. Ke4 Nc3+ 46. Kd3 Nb5 47. Bg3 Ke7 48. Be5 Nd6 49. Bc3 Nf7 50. Bg7 Kd6 51. Ke4 Kc5 52. Bd4+ Kc4 53. Bf6 Kc5 54. Bxg5 Nxg5+ 55. Ke5 Kc6 56. Kf6 Nf3 57. Kxe6 Kc7 1/2-1/2